000 00433nam a2200157Ia 4500
008 220204s9999 xx 000 0 und d
082 _aNR:62
_bGOE
100 _aGoel, R K
245 0 _aRubber technology handbook: Smallscale rubber industries
260 _aDelhi
_bSBP
490 _aChemical and Allied Engineering series
650 _aDipped rubber goods
650 _aLatex foam
650 _aRubber compounding
942 _cBK
999 _c22551
_d22551